Allegiant / (Record no. 143028)

MARC details
000 -LEADER
fixed length control field 00601nam a22001817a 4500
005 - DATE AND TIME OF LATEST TRANSACTION
control field 20170801154930.0
020 ## - INTERNATIONAL STANDARD BOOK NUMBER
International Standard Book Number 9780008167165
Terms of availability 399.00
035 ## - SYSTEM CONTROL NUMBER
System control number B667165
037 ## - SOURCE OF ACQUISITION
Stock number dpl
Source of stock number/acquisition Aakar/Ven
082 ## - DEWEY DECIMAL CLASSIFICATION NUMBER
Classification number S
100 ## - MAIN ENTRY--PERSONAL NAME
Personal name Roth, Veronica
245 ## - TITLE STATEMENT
Title Allegiant /
Statement of responsibility, etc by Veronica Roth
260 ## - PUBLICATION, DISTRIBUTION, ETC. (IMPRINT)
Place of publication, distribution, etc London
Name of publisher, distributor, etc harper Collins Children Books
Date of publication, distribution, etc 2016
270 ## - ADDRESS
Address 77-85 Fulham Palace Road, Hammersmith
City London
Postal code W6 8JB
300 ## - PHYSICAL DESCRIPTION
Extent 526p.
Dimensions 19cm(pbk)
942 ## - ADDED ENTRY ELEMENTS (KOHA)
Source of classification or shelving scheme Dewey Decimal Classification
Item type Children Books
Call number suffix ROT
Classification part S
Holdings
Withdrawn status Lost status Not for loan Collection code Home library Current library Date acquired Source of acquisition Cost, normal purchase price Full call number Barcode Copy number Cost, replacement price Koha item type
      Fiction Ashok Vihar Ashok Vihar 01/08/2017 BPPD/CH-EN/2014-15/AV/16-17/373/15.2.2017/I-3322/1.3.2017/ 17.3.2017 399.00 S ROT B-667165 1 399.00 Children Books

© Delhi Public Library
Hit Counter
free hit counter